| 000 | 00608nam a2200193 4500 | ||
|---|---|---|---|
| 001 | 148491 | ||
| 003 | ES-MaACL | ||
| 005 | 20230906202651.0 | ||
| 007 | t| | ||
| 008 | 070214q1948 sp r ||||1| spa d | ||
| 100 | 1 |
_aSteinberg, S. H. _9108048 |
|
| 245 | 1 | 0 |
_aHistoria de Alemania / _cS. H. Steinberg ; traducción de Francisco M. Sanz. |
| 260 |
_aMadrid : _bPegaso, _c[1948?] |
||
| 300 |
_a338 p. : _bil. ; _c22 cm. |
||
| 500 | _aPrecede al tít.: Universidad de Cambridge. | ||
| 700 | 1 |
_aSanz, Francisco M. _9103581 |
|
| 710 | 0 | 0 |
_aUniversity of Cambridge. _97505 |
| 852 |
_aES-MaACL _jB-1566 _bR.28558 |
||
| 999 |
_c148491 _d148491 |
||